Statistics for U.S. Fact Quiz

Click here to take the quiz!

General Stats

  • This quiz has been taken 33 times
  • The average score is 5 of 10

Answer Stats

HintAnswer% Correct
How many Great Lakes are there?5
96%
How many states are bordering Canada?13
79%
Which state is the closest to the Bahamas?Florida
79%
What state borders only one state?Maine
71%
Which state first ratified the Constitution?Delaware
64%
What state did Coca Cola establish in?Georgia
54%
How many states did Hurricane Sandy hit?24
50%
Which state was the 31st president, Herbert Hoover, born?Iowa
18%
Which state is the Alibates Flint Quarries National Monument located in?Texas
7%
What's the longest river in Alaska?Yukon River
7%

Score Distribution

Percentile by Number Answered

Percent of People with Each Score

Your Score History

You have not taken this quiz